• 首页
  • 本馆介绍
  • 公告通知
  • 最新文献
  • 馆藏检索
  • 电子资源
  • 读者导购
  • 参考咨询
  • 我的图书馆
  • 登录
  • 详细信息显示
  • 放入我的书架
  • 预约/预借图书
  • 作者相关作品
  • 分类相关作品
  • 丛书相关作品
  • 出版社相关作品

书目信息

  • 表格格式
  • 工作单格式
  • 卡片格式
题名:
广告摄影攻略
    
 
作者: 韩程伟 著
分册:  
出版信息: 杭州   浙江摄影出版社  2007
页数: 147页
开本: 25cm
丛书名:
单 册:
中图分类: J412.9
科图分类:
主题词: 广告--摄影艺术 , 广告 , 摄影艺术
电子资源:
ISBN: 978-7-80686-538-5
000 00814nam0 2200265 450
001 012007849019
005 20070517100431.70
010    @a978-7-80686-538-5@dCNY29.00
100    @a20070512d2007 km y0chiy0120 ea
101 0  @achi
102    @aCN@b330000
105    @aa z 000yy
106    @ar
200 1  @a广告摄影攻略@Aguang gao she ying gong lue@f韩程伟著@Fhan cheng wei zhu
210    @a杭州@c浙江摄影出版社@d2007
215    @a147页@c图@d25cm
300    @a摄影教学参考
330    @a本书共有八章,第一章,概述,第二章,广告摄影的场地与器材配置,第三章,大画幅相机的基本操作技巧等。第四章,闪光灯与测光表的使用等
606 0  @a广告@x摄影艺术
606 0  @a广告
606 0  @a摄影艺术
690    @aJ412.9@v4
701  0 @a韩程伟@Ahan cheng wei@4著
801  0 @aCN@bRULIN@c20070517
905    @dJ412.9@e194@s5
    
    广告摄影攻略/韩程伟著.-杭州:浙江摄影出版社,2007
    147页:图;25cm
    摄影教学参考
    
    ISBN 978-7-80686-538-5:CNY29.00
    本书共有八章,第一章,概述,第二章,广告摄影的场地与器材配置,第三章,大画幅相机的基本操作技巧等。第四章,闪光灯与测光表的使用等
●
相关链接 在E读中查询图书 在五车中查询图书 在当当中查询图书 在豆瓣中查询图书


正题名:广告摄影攻略     索取号:J412.9/194         预约/预借

序号 登录号 条形码 馆藏地/架位号 状态 备注
1 0573150   205731500   第一样本阅览室/ [索取号:J412.9/194] 在馆    
2 0573151   205731519   第一借阅区/ [索取号:J412.9/194] 在馆    
3 0573152   205731528   第一借阅区/ [索取号:J412.9/194] 在馆    
4 0573153   205731537   第一借阅区/ [索取号:J412.9/194] 在馆    
5 0573154   205731546   第一借阅区/ [索取号:J412.9/194] 在馆    
唐山师范学院图书馆 欢迎您!
大连网信软件有限公司© 版权所有